000 00293nam a22001337a 4500
008 170629b xxu||||| |||| 00| 0 eng d
020 _a9780836191233
041 _aeng
080 _a82
100 _a22
101 _aGJL
245 _aTHE AMISH IN THEIR OWN WORDS
_cIGOU,B
942 _2udc
_cBK
999 _c19666
_d19666